00525nam a2200181Ia 450000500170000000800410001702000130005808200130007110000060008424500120009026000480010230000130015050000340016370000280019794200060022595200970023199900150032820250528030720.0240331s9999 xx 000 0 und d a13910949 bPRAa303 a  0aPravada aColombobSocial Scientist Associationc2002 a191 p ., aconflict resolution Sri Lanka aSamaja Sangamaya.eedt cL 001040708LaWERCLbWERCLcSSCd2024-03-31l0o 303.6 PRAp6344r2024-03-31w2024-03-31yL c5084d5084